<?xml version="1.0" encoding="UTF-8"?><collection xmlns="info:lc/xmlns/marcxchange-v2"><record format="Unimarc" type="bibliographic"><leader>00602nam  2200205   450 </leader><controlfield tag="001">2401154</controlfield><controlfield tag="003">http://id.bnportugal.gov.pt/bib/porbase/2401154</controlfield><controlfield tag="005">20071022104518.0</controlfield><datafield ind1=" " ind2=" " tag="010"><subfield code="a">978-1-84628-602-5</subfield><subfield code="d">compra (?69.65)</subfield></datafield><datafield ind1=" " ind2=" " tag="035"><subfield code="a">ufpes002_bc.iso/03-11-2011/26483</subfield></datafield><datafield ind1=" " ind2=" " tag="035"><subfield code="a">0026934</subfield></datafield><datafield ind1=" " ind2=" " tag="100"><subfield code="a">20071022d2007    m  y0pory0103    ba</subfield></datafield><datafield ind1="0" ind2=" " tag="101"><subfield code="a">eng</subfield></datafield><datafield ind1=" " ind2=" " tag="102"><subfield code="a">US</subfield></datafield><datafield ind1="1" ind2=" " tag="200"><subfield code="a">Data compression</subfield><subfield code="e">&lt;the &gt;complete reference</subfield><subfield code="f">David Salomon</subfield></datafield><datafield ind1=" " ind2=" " tag="205"><subfield code="a">4th ed</subfield></datafield><datafield ind1=" " ind2=" " tag="210"><subfield code="a">California</subfield><subfield code="c">Springer</subfield><subfield code="d">2007</subfield></datafield><datafield ind1=" " ind2=" " tag="215"><subfield code="a">1092 p.</subfield><subfield code="d">25 cm</subfield></datafield><datafield ind1=" " ind2=" " tag="675"><subfield code="a">004.22</subfield><subfield code="v">BN</subfield><subfield code="z">por</subfield></datafield><datafield ind1=" " ind2="1" tag="700"><subfield code="a">Salomon</subfield><subfield code="b">David</subfield></datafield><datafield ind1=" " ind2="0" tag="801"><subfield code="a">PT</subfield><subfield code="b">UFPES</subfield><subfield code="g">RPC</subfield></datafield></record></collection>